Household health care expenditure in tribal areas of Rajasthan (Record no. 48545)

000 -LEADER
fixed length control field 00500pab a2200181 454500
008 - FIXED-LENGTH DATA ELEMENTS--GENERAL INFORMATION
fixed length control field 180718b2001 xxu||||| |||| 00| 0 eng d
100 ## - MAIN ENTRY--PERSONAL NAME
Personal name Sodani, P.R.
245 ## - TITLE STATEMENT
Title Household health care expenditure in tribal areas of Rajasthan
260 ## - PUBLICATION, DISTRIBUTION, ETC.
Date of publication, distribution, etc. 2001
300 ## - PHYSICAL DESCRIPTION
Extent p.96-106
362 ## - DATES OF PUBLICATION AND/OR SEQUENTIAL DESIGNATION
Dates of publication and/or sequential designation Apr
650 ## - SUBJECT ADDED ENTRY--TOPICAL TERM
Topical term or geographic name entry element Households - India - Rajasthan
650 ## - SUBJECT ADDED ENTRY--TOPICAL TERM
Topical term or geographic name entry element Health services - India - Rajasthan
650 ## - SUBJECT ADDED ENTRY--TOPICAL TERM
Topical term or geographic name entry element Health services
700 ## - ADDED ENTRY--PERSONAL NAME
Personal name Gupta, S.D.
773 ## - HOST ITEM ENTRY
Main entry heading Asian Economic Review
909 ## -
-- 48545
Holdings
Withdrawn status Lost status Damaged status Not for loan Permanent Location Current Location Date acquired Serial Enumeration / chronology Barcode Date last seen Price effective from Koha item type
        Indian Institute of Public Administration Indian Institute of Public Administration 2018-07-19 Volume no: 43, Issue no: 1 AR48973 2018-07-19 2018-07-19 Articles

Powered by Koha